|
|
|
|
| LEADER |
00000nab a2200000uu 4500 |
| 001 |
vtls010903108 |
| 003 |
SK-MaSNL |
| 005 |
20260303142438.0 |
| 008 |
230222|2006 xo |||||||||||||||||eng| |
| 015 |
|
|
|a SNBRB
|
| 035 |
|
|
|a (urnnbn)urn:nbn:sk:snk:ar-a07q2v
|
| 035 |
|
|
|a (uuid)ca898308-8c32-4298-8245-877d1ad97ed2
|
| 035 |
|
|
|a urn:nbn:sk:snk-ab8u7u
|
| 040 |
|
|
|a SNKBUCL
|b slo
|c SNKBUCL
|e AACR2
|
| 041 |
0 |
|
|a eng
|
| 044 |
|
|
|a xo
|c SK
|
| 100 |
1 |
|
|a Lisowska, Grazyna
|4 aut
|9 1162755
|
| 245 |
1 |
0 |
|a EFFECTS OF VASOACTIVE DRUGS ON COCHLEAR BLOOD FLOW AFTER TRANSIENT COCHLEAR ISCHEMIA
|c Grazyna Lisowska, Kazimierz Niemczyk, Krzysztof F. Morawski
|
| 700 |
1 |
|
|a Niemczyk, Kazimierz
|4 aut
|9 1162756
|
| 700 |
1 |
|
|a Krzysztof F. Morawski
|4 aut
|9 1162757
|
| 773 |
0 |
|
|t Acta medica Martiniana : journal for biomedical sciences, clinical medicine and nursing
|g Roč. 6, č. 1 (2006), s. 22-27
|
| 958 |
|
|
|a OND
|
| 958 |
|
|
|a EUIPO
|
| 958 |
|
|
|a article10
|
| 999 |
|
|
|c 1982954
|d 1984884
|